Fundamentals of magnetism and electricity for B.Sc. and engineering students, (Record no. 544420)
[ view plain ]
| 000 -LEADER | |
|---|---|
| fixed length control field | 00542cam a22001691 4500 |
| 082 00 - DEWEY DECIMAL CLASSIFICATION NUMBER | |
| Classification number | 537.102462 |
| Author Mark | VAS |
| -- | L-6, P-22 |
| 100 1# - MAIN ENTRY--PERSONAL NAME | |
| Personal name | Vasudeva, D. N. |
| 9 (RLIN) | 40011 |
| 245 10 - TITLE STATEMENT | |
| Title | Fundamentals of magnetism and electricity for B.Sc. and engineering students, |
| Statement of responsibility, etc. | by D. N. Vasudeva. |
| 250 ## - EDITION STATEMENT | |
| Edition statement | 7th rev. ed. |
| 260 ## - PUBLICATION, DISTRIBUTION, ETC. | |
| Place of publication, distribution, etc. | Delhi, |
| Name of publisher, distributor, etc. | S. Chand, |
| Date of publication, distribution, etc. | 1966. |
| 300 ## - PHYSICAL DESCRIPTION | |
| Extent | xi, 827 p. |
| Other physical details | illus., ports. |
| Dimensions | 23 cm. |
| 526 ## - STUDY PROGRAM INFORMATION NOTE | |
| Program name | 0 |
| Interest level | 0 |
| Reading level | 0 |
| Title point value | 537_102462000000000_VAS |
| 650 #0 - SUBJECT ADDED ENTRY--TOPICAL TERM | |
| Topical term or geographic name entry element | Electricity. |
| 9 (RLIN) | 39895 |
| 650 #0 - SUBJECT ADDED ENTRY--TOPICAL TERM | |
| Topical term or geographic name entry element | Magnetism. |
| 9 (RLIN) | 39896 |
| 650 #0 - SUBJECT ADDED ENTRY--TOPICAL TERM | |
| Topical term or geographic name entry element | MCE |
| 9 (RLIN) | 379 |
| 942 ## - ADDED ENTRY ELEMENTS (KOHA) | |
| Source of classification or shelving scheme | |
| Koha item type | Book |
| Withdrawn status | Lost status | Source of classification or shelving scheme | Damaged status | Not for loan | Permanent Location | Current Location | Date acquired | Total Checkouts | Full call number | Barcode | Date last seen | Price effective from | Koha item type |
|---|---|---|---|---|---|---|---|---|---|---|---|---|---|
| Military College of Engineering (MCE) | Military College of Engineering (MCE) | 04/17/2014 | 537.102462 VAS | MCE-3315 | 04/17/2014 | 04/17/2014 | Book |
